banner-ar

البنيوية التكوينية والنقد الادبى / (Record no. 40113)

MARC details
000 -الفاتح
حقل البيانات ثابتة الطول 00663nam a2200217Ia 4500
008 - عناصر البيانات ثابتة الطول - معلومات عامة
حقل البيانات ثابتة الطول 140319s9999 xx 000 0 ara d
040 ## - مصدر الفهرسة
وكالة الفهرسة الأصلية GCL /
وكالة النسخ GCL
082 04 - رقم تصنيف ديوى العشرى
رقم التصنيف 813.009
رقم المادة غ ب
100 1# - المدخل الرئيسى - إسم شخصى
الإسم الشخصى محمد سبيلا (ترجمة)
245 10 - بيان العنوان
العنوان البنيوية التكوينية والنقد الادبى /
بيان المسئوليه,etc محمد سبيلا (ترجمة)
700 1# - المدخل الاضافى - اسم شخصى
الإسم الشخصى غولدمان، لوسيان
700 1# - المدخل الاضافى - اسم شخصى
الإسم الشخصى باسكاوى، بون
700 1# - المدخل الاضافى - اسم شخصى
الإسم الشخصى لينهارت، جاك
700 1# - المدخل الاضافى - اسم شخصى
الإسم الشخصى دوبوا، جاك
490 ## - بيان السلسلة
عنوان السلسلة
650 04 - المدخل الاضافى بالموضوع-مصطلح موضوعى
مصطلح موضوعي الادب العربى
650 04 - المدخل الاضافى بالموضوع-مصطلح موضوعى
مصطلح موضوعي النقد الادبى
650 04 - المدخل الاضافى بالموضوع-مصطلح موضوعى
مصطلح موضوعي البنيوية
942 ## - عناصر المدخل الإضافي( كوها)
مصدر التصنيف او مخطط الترفيف Dewey Decimal Classification
Koha [default] item type كتاب
Holdings
حالة التراجع حالة الفقد حالة تلف ليس للاعارة المكان المؤقت الموقع الحالى تاريخ الاكتساب اجمالي اﻻعارات رقم الطلب الباركود تاريخ اخر مشاهدة تاريخ تفعيل السعر نوع وعاء كوها
        مكتبة القاهرة الكبرى مكتبة القاهرة الكبرى 03/26/2014   813.009\غ ب 97504 03/26/2014 03/26/2014 كتاب

Powered By

EGPV